=LDR 00000nam 2200000 4500 =001 INLIS000000000051489 =005 20200304122414 =035 ##$$a 0010-0917000293 =007 ta =008 200304################g##########0#ind## =020 ##$$a 978-979-1149-28-0 =082 ##$$a 297.431 =084 ##$$a 297.431 DIA r =100 #$$a Dian Nafi =245 1#$$a Rumah tangga penuh cinta : $b Tips-tips melanggengkan cinta dan kasih sayang suami-istri /$c Dian Nafi; editor, Qoni =260 ##$$a Yogyakarta :$b Qudsi media,$c 2014 =300 ##$$a 158 hlm ; $c 19 x 13 cm. =500 ##$$a Biografi : Hlm. 157 =650 #4$$a Nikah =700 #$$a Qoni =250 ##$$a cet. 1 =990 ##$$a 21704030 =990 ##$$a 21704029 =990 ##$$a 21704028 =990 ##$$a 21704027 =990 ##$$a 21704026